000 00824nam a2200229Ii 4500
003 JO-AjNU
008 230605s9999||||xx |||||||||||||| ||und||
017 _a2006/9/2544
040 _aJO-AjNU
_bara
_erda
_cJO-AjNU
041 _aara
050 1 4 _aBP144 2006
100 3 _aشحرور، مراد محمد,
_eauthor
_911860
245 0 0 _aأحكام وفتاوى مهمة لنساء المة في الحيض والإستحاضة والنفاس
250 _aط1
264 3 1 _aعمان: المؤلف، 2006
300 _a204ص
336 _atext
_btxt
_2rdacontent
337 _aunmediated
_bn
_2rdamedia
338 _avolume
_bnc
_2rdacarrier
490 0 _aمسائل مهمة في فقه الأئمة في الطهارة(10-13)
650 4 _aالفقه الاسلامي- الفتاوى- المرأة المسلمة
_911861
999 _aA2541
_c6109
_d6109